| 000 | 00514nam a2200181Ia 4500 | ||
|---|---|---|---|
| 999 |
_c20223 _d20223 |
||
| 003 | 0100 | ||
| 005 | 20190715111447.0 | ||
| 008 | 130303s9999 xx 000 0 und d | ||
| 040 | _cARRUPELIB | ||
| 050 | _aHF5387.M346 1991 | ||
| 100 |
_aHarvey, Brian (ed) _947024 |
||
| 245 | _aMarket Morality and Company Size | ||
| 260 |
_aDordrecht _bKluwer Academic Publishers _c1991 |
||
| 300 | _a229p | ||
| 650 |
_aSmall Business _xCongresses _947025 |
||
| 700 |
_aLuijk, Henk VanCorbetta, GuidoEuropean Conference on Business EthicsEuropean Business Ethics Network _947026 |
||
| 942 | 0 | 0 |
_01 _2lcc _cMONOGRAPH |